000 00460cam a2200181 4500
001 D5157
008 090401t1978 xxu||||| |||| 00| 0 eng d
035 _a(Sirsi) u36354
041 _aeng
050 _a711.58
110 _aGreater London Council
_91146
245 3 _aAn introduction to housing layout: a GLC study
260 _aLondon
_bThe Architectural Press
_c1978
300 _a183p. ill. 30cm
350 _a6.95
942 _n0
948 _c04/03/1997
999 _c90257
_d90257